| 000 | 00388nam a2200157Ia 4500 | ||
|---|---|---|---|
| 008 | 230524s9999 xx 000 0 und d | ||
| 082 |
_a621.38 _bBEL |
||
| 100 | _aDavid A.Bell | ||
| 245 | 0 | _aElectronic Instrumentation and Measurements | |
| 250 | _a1ST | ||
| 260 |
_aNEW DELHI _bPHI _c2006 |
||
| 300 | _aIX;445 | ||
| 500 | _aQuantity Number: 2 | ||
| 650 | _aElectronics | ||
| 942 | _cBK | ||
| 999 |
_c36941 _d36941 |
||